BSOP header

泛神论要义, 或, 一个著名协会的诵文 Fan shen lun yao yi, huo, yi ge zhu ming xie hui de song wen {ch} (Record no. 37227)

MARC details
000 -LEADER
fixed length control field 01177nam a2200289Ia 4500
001 - CONTROL NUMBER
control field ocn460338152
003 - CONTROL NUMBER IDENTIFIER
control field OCoLC
005 - DATE AND TIME OF LATEST TRANSACTION
control field 20140520110401.0
008 - FIXED-LENGTH DATA ELEMENTS--GENERAL INFORMATION
fixed length control field 091027s1997 cc m b a000 0 chi d
020 ## - INTERNATIONAL STANDARD BOOK NUMBER
International Standard Book Number 9787100061186
020 ## - INTERNATIONAL STANDARD BOOK NUMBER
International Standard Book Number 7100061180
040 ## - CATALOGING SOURCE
Original cataloging agency CVU
Transcribing agency CVU
Modifying agency H2K
041 1# - LANGUAGE CODE
Language code of text/sound track or separate title chi
Language code of original and/or intermediate translations of text eng
-- lat
049 ## - LOCAL HOLDINGS (OCLC)
Holding library H2KA
066 ## - CHARACTER SETS PRESENT
Alternate G0 or G1 character set $1
100 1# - MAIN ENTRY--PERSONAL NAME
Personal name 约翰・托兰德著 Toland, John,
Dates associated with a name 1670-1722.
240 10 - UNIFORM TITLE
Uniform title Pantheisticon.
Language of a work Chinese.
245 ## - TITLE STATEMENT
Title 泛神论要义, 或, 一个著名协会的诵文 Fan shen lun yao yi, huo, yi ge zhu ming xie hui de song wen {ch}
Statement of responsibility, etc John Toland; Qiwei Chen; Yuehan Tuolande zhu ; Chen Qiwei yi; 约翰・托兰德著 ; 陈啓伟译.
260 ## - PUBLICATION, DISTRIBUTION, ETC. (IMPRINT)
Place of publication, distribution, etc 商务印书馆, Beijing :
Name of publisher, distributor, etc Shang wu yin shu guan,
Date of publication, distribution, etc 2009.
300 ## - PHYSICAL DESCRIPTION
Extent 18, 56 p. ;
Dimensions 21 cm.
440 ## - SERIES STATEMENT/ADDED ENTRY--TITLE
Title 漢譯世界學術名著叢書 Han yi shi jie xue zhu ming zhu cong shu = [Collection of world-renown academic classical works in Chinese].
500 ## - GENERAL NOTE
General note Translation of: Pantheisticon. Original published in latin under title: Pantheisticon.
504 ## - BIBLIOGRAPHY, ETC. NOTE
Bibliography, etc Includes bibliographical references.
650 #0 - SUBJECT ADDED ENTRY--TOPICAL TERM
Topical term or geographic name as entry element Pantheism {ch}.
910 ## - USER-OPTION DATA (OCLC)
User-option data rw
942 ## - ADDED ENTRY ELEMENTS (KOHA)
Source of classification or shelving scheme Library of Congress Classification
Item type Books
Holdings
Withdrawn status Lost status Source of classification or shelving scheme Damaged status Not for loan Home library Current library Shelving location Date acquired Source of acquisition Cost, normal purchase price Accession number Total Checkouts Full call number Barcode Date last seen Price effective from Koha item type
    Library of Congress Classification     BSOP Library BSOP Library Reference Chinese 01/13/2014 Commercial Press 55.78 C-11881   BL220 T57 2009 00043681 01/13/2014 01/13/2014 Books
BSOP

Biblical Seminary of the Philippines
  All rights Reserved
  © 2024

CONTACT INFORMATION

Biblical Seminary of the Philippines,
  77-B Karuhatan Road, Valenzuela City,
  PHILIPPINES 1441
  Phone: +632 8292-6795 / 8292-6798
  Fax : +632 8292-6675
  Email: library@bsop.edu.ph